000
00375nam a22001577a 4500
005
20251108163340.0
008
250721s1994 xx 000 0 ara d
082
1
4
_a
216,23/ليل
100
1
_a
أبو ليلى، فرج محمود
245
1
0
_a
في رحاب الصوم /
264
_c
1994.
300
_a
186ص
650
1
7
_a
الصوم
942
_2
ddc
_c
BK
999
_c
436
_d
436